Cheek - kuunnelluimmat kappaleet - Statistics

Yleistilastot
  • Tätä visaa on pelattu 362 kertaa
  • Keskiarvotulos 17 / 42
Vastaustilastot
Hint Vastaus % Oikein
21 700 000 Timantit on ikuisia
98%
11 100 000 Avaimet mun kiesiin
70%
13 900 000 Kuka muu muka
70%
12 500 000 Äärirajoille
69%
13 400 000 Sokka irti
68%
16 500 000 Jippikayjei
67%
9 400 000 Liekeissä
67%
15 000 000 Sillat
66%
16 450 000 Jossu
62%
14 900 000 Keinu
61%
14 700 000 Syypää sun hymyyn
60%
10 500 000 Valot sammuu
57%
9 150 000 Parempi mies
55%
10 200 000 Anna mä meen
52%
5 700 000 Jos mä oisin sä
52%
8 700 000 Alpha omega
51%
12 000 000 Enkelit
50%
7 400 000 Mitä tänne jää
45%
14 200 000 Sä huudat
45%
8 100 000 Kyyneleet
40%
6 800 000 Chekkonen
31%
8 100 000 Ne tekee
31%
3 900 000 Me ollaan ne
30%
5 110 000 Profeetat
30%
8 150 000 Fiiliksissä
27%
6 000 000 Pyrkiny vähentää
27%
3 300 000 Jehu
26%
5 050 000 Tuhlaajapoika
26%
3 500 000 Raplaulajan vapaapäivä
25%
6 900 000 Älä pyydä mitään
23%
7 300 000 Leveellä
23%
5 300 000 Vihaajat vihaa
23%
11 900 000 All good everything
22%
4 200 000 Ohituskaistalla
22%
7 300 000 Flexaa
21%
7 900 000 Niille joilla on paha olla
17%
3 000 000 Etsä tiedä kuka mä luulen olevani
16%
3 300 000 Maanteiden kingi
16%
3 400 000 Omat säännöt
14%
4 300 000 Kaikki hyvin
12%
3 100 000 Vastatuulta
10%
3 200 000 Mikä siinä on
6%
Ehtoja vastaavia visoja ei löytynyt
Tulosjakauma
Jokaisen tuloksen saaneiden osuus
Persentiili vastausten määrän mukaan
Tuloshistoriasi
Et ole pelannut tätä visaa